Statistics for Islands With the Highest Elevation

Click here to take the quiz!

General Stats

  • This quiz has been taken 8,244 times
    (8,038 since last reset)
  • The average score is 10 of 27

Answer Stats

m Mountain Island ft % Correct
3676SemeruJava12,060
79%
4205Mauna KeaHawaii13,796
78%
3326Mount EtnaSicily10,912
77%
3776Mount FujiHonshu12,388
77%
3724Aoraki / Mount CookSouth Island12,218
72%
4095Mount KinabaluBorneo13,435
67%
2876MaromokotroMadagascar9436
64%
3805Gunung KerinciSumatra12,484
64%
3694GunnbjørnsfjeldGreenland12,119
60%
3952Jade MountainTaiwan12,966
53%
4884Puncak JayaNew Guinea16,024
50%
2922Mount PulagLuzon9587
42%
3478Bulu RantemarioSulawesi11,411
42%
3031Gunung AgungBali9944
38%
3098Pico DuarteHispaniola10,164
37%
3055HaleakalaMaui10,023
30%
3718TeideTenerife12,198
26%
2954Mount ApoMindanao9692
22%
2963Gunung Tata MailauTimor9721
20%
3726Mount RinjaniLombok12,224
11%
3070Piton des NeigesRéunion10,072
10%
3794Mount ErebusRoss Island12,448
7%
2934Mount PagetSouth Georgia9626
6%
3110Mount SipleSiple10,200
3%
3027Gunung BinaiyaSeram9931
3%
3011Pico BasiléBioko9879
2%
2987Mount StephensonAlexander Island9800
2%

Score Distribution

Percentile by Number Answered

Percent of People with Each Score

Your Score History

You have not taken this quiz since the last reset